00489nam a2200157Ia 4500008004100000040001800041041000800059100002100067245005400088260004400142300001800186490005400204500002900258650002400287650002000311130821s1968 sp gr spa  aCo-BoUCMbspa aspa aBassani, Giorgio 3aEl jardín de los Finzi-ContinicGiorgio Bassani aBarcelona (España)bSeix-Barralc1968 a254 páginas aBiblioteca breve de bolsillo. Libros de enlace; 7 aNotas al pie de página04aLiteratura italiana04aNovela italiana